| 000 | 00741aam a2200265 4500 | ||
|---|---|---|---|
| 005 | 20170208162446.0 | ||
| 008 | 150727b xxu||||| |||| 00| 0 spa d | ||
| 041 | _aspa | ||
| 082 | _a1.2.17 R696c | ||
| 100 |
_aRodríguez Vera, Ricardo _914761 |
||
| 245 | _aCostos aplicados a hoteles y restaurantes | ||
| 260 | _aColombia | ||
| 260 | _bECOE | ||
| 260 | _c1998 | ||
| 300 | _a167 páginas | ||
| 650 |
_aCONTABILIDAD HOTELERA _914762 |
||
| 650 |
_aCONTABILIDAD DE COSTOS _9863 |
||
| 650 |
_aCONTABILIDAD DE RESTAURANTES _914763 |
||
| 650 |
_aCOSTOS HOTELEROS _914764 |
||
| 650 |
_aPRUESUPUESTOS _938382 |
||
| 650 |
_aCLASIFICACIÓN DE LOS COSTOS _914765 |
||
| 650 |
_aINVENTARIOS _91923 |
||
| 650 |
_aCUENTAS _914766 |
||
| 942 | _cBK | ||
| 999 |
_c6512 _d6512 |
||